Trap Door Characters - Statistics

General Stats
  • This quiz has been taken 14 times
  • The average score is 4 of 6
Answer Stats
Character % Correct
Berk
88%
Boni
88%
Drutt
63%
The thing upstairs
63%
Rogg
38%
The bubo
38%
No matching quizzes found
Score Distribution
Percent of People with Each Score
Percentile by Number Answered
Your Score History
You have not taken this quiz